Lúčky kúpele

Bibliographic Details
Format: Photo
Language:Slovak
PhysicalDescription:1 pohľadnica čiernobiela 9 x 14 cm
Published: [s.l.] [s.n.] [s.a.]
Subjects:

MARC

LEADER 00000ckm a2200000 a 4500
001 vtls010273807
003 SK-MaSNL
005 20260426005412.0
007 kf bo
008 231206n xx g kuslo
015 |a SNBG 
035 |a B9E8F1E8-B015-4F01-9789-7A296A0AFE80 
035 |a urn:nbn:sk:snk-kmxvsu 
035 |a urn:nbn:sk:snk-km0055o7 
040 |a SNK  |b slo  |c SNK  |e AACR2 
041 0 |a slo 
043 |a e-xo--- 
044 |a xx 
080 |a 908(437.6)  |2 2001 
080 |a (084.121)  |2 2001 
080 |a 711.455:615.838  |2 2001 
245 0 0 |a Lúčky kúpele  |h grafika 
260 |a [s.l.]  |b [s.n.]  |c [s.a.] 
300 |a 1 pohľadnica  |b čiernobiela  |c 9 x 14 cm 
650 0 7 |a kúpele  |2 SNKPH  |9 1139 
651 7 |a Slovensko  |2 SNKPH  |9 14231 
655 7 |a miestne pohľadnice  |2 SNKPH  |9 70510 
852 |a Slovenská národná knižnica 
958 |a GC 
958 |a GBN 
958 |a OND 
999 |c 1007196  |d 1009126 
952 |a SNK  |b SNK  |y PREZ  |7 0  |p 17A0692248  |o snkSP 1987  |0 0  |1 0  |4 0  |d 2011-04-26  |f 1  |l 0  |r 2026-02-24 12:40:04  |w 2026-02-24